El imperio contraataca / (Registro nro. 2563)

000 -CABECERA
campo de control de longitud fija 00833nam a2200265 u 4500
001 - NÚMERO DE CONTROL
campo de control 000041503
005 - FECHA Y HORA DE LA ÚLTIMA TRANSACCIÓN
campo de control 20200120222358.0
008 - DATOS DE LONGITUD FIJA--INFORMACIÓN GENERAL
campo de control de longitud fija 101015s1984 cau r 000 0 spa d
020 ## - NÚMERO INTERNACIONAL ESTÁNDAR DEL LIBRO
Número Internacional Estándar del Libro 848280930X
043 ## - CÓDIGO DE ÁREA GEOGRÁFICA
Código de área geográfica s-ck---
082 04 - NÚMERO DE LA CLASIFICACIÓN DECIMAL DEWEY
Número de clasificación AN
Número de documento/Ítem GLU
100 1# - ENTRADA PRINCIPAL--NOMBRE DE PERSONA
Nombre de persona Glut, Donald F.
245 13 - MENCIÓN DE TÍTULO
Título El imperio contraataca /
Mención de responsabilidad, etc. Donald F. Glut ; Traducción : Horacio González Trejo.
260 ## - PUBLICACIÓN, DISTRIBUCIÓN, ETC.
Lugar de publicación, distribución, etc. Bogotá :
Nombre del editor, distribuidor, etc. Oveja negra,
Fecha de publicación, distribución, etc. 1984.
300 ## - DESCRIPCIÓN FÍSICA
Extensión 190 p.
490 #0 - MENCIÓN DE SERIE
Mención de serie Best sellers; 30
500 ## - NOTA GENERAL
Nota general Basada en el relato de George Lucas: "La guerra de las galaxias".
534 ## - NOTA SOBRE LA VERSIÓN ORIGINAL
Mención de título del original The empire strikes back
546 ## - NOTA DE LENGUA/LENGUAJE
Nota de lengua/lenguaje Spa.
650 17 - PUNTO DE ACCESO ADICIONAL DE MATERIA--TÉRMINO DE MATERIA
Término de materia o nombre geográfico como elemento de entrada Novela estadounidense
650 27 - PUNTO DE ACCESO ADICIONAL DE MATERIA--TÉRMINO DE MATERIA
Término de materia o nombre geográfico como elemento de entrada Literatura estadounidense - siglo XX
650 27 - PUNTO DE ACCESO ADICIONAL DE MATERIA--TÉRMINO DE MATERIA
Término de materia o nombre geográfico como elemento de entrada Literatura de ciencia ficción
650 27 - PUNTO DE ACCESO ADICIONAL DE MATERIA--TÉRMINO DE MATERIA
Término de materia o nombre geográfico como elemento de entrada Vida en otros planetas
700 1# - PUNTO DE ACCESO ADICIONAL--NOMBRE DE PERSONA
Término indicativo de función/relación González Trejo, Horacio, Trad.
Existencias
Estado de retiro Estado de pérdida Fuente del sistema de clasificación o colocación Estado dañado No para préstamo Código de colección Localización permanente Ubicación/localización actual Fecha de adquisición Número de inventario Total de préstamos Signatura topográfica completa Código de barras Fecha visto por última vez Número de copia Precio válido a partir de Tipo de ítem Koha Nota pública
          Literatura Adulto Biblioteca Pública San Juan Bosco Biblioteca Pública San Juan Bosco 20/01/2020 99317   AN GLU MOS004682 25/02/2022 ej.1 20/01/2020 Libro Literatura Quince días

© Todos los derechos reservados para la Biblioteca Pública Municipal San Juan Bosco, 2020
Secretaria de Cultura de Mosquera
Carrera 3 N° 10 Esquina Centro Cultural Barrio El Carmén Teléfono: 8270830 Ext: 34
Funcionando con KOHA
Contacto: Biblioteca Pública Municipal San Juan Bosco/ bibliotecasanjuanbosco@mosquera-cundinamarca.gov.co
Mosquera, Cundinamarca